Fotografía y publicidad

Uloženo v:
Podrobná bibliografie
Médium: Kniha
Jazyk:španělština
Vydáno: Buenos Aires Albatros 1970
Edice:Manual de comunicaciones
Témata:
Tagy: Přidat tag
Žádné tagy, Buďte první, kdo vytvoří štítek k tomuto záznamu!

MARC

LEADER 00000nam a2200000 a 4500
001 UCW6177
003 CL-VaPUC
008 911029e19700000AG |||||||||||||||||spa|d
082 0 4 |a 659.132  |b FOT  |2 21 
245 1 0 |a Fotografía y publicidad 
300 |a 177 p 
942 |c BK 
945 |d 19911029 00:00:00 
260 |a Buenos Aires  |b Albatros  |c 1970 
650 0 |a Fotografía  |9 268495 
650 0 |a Fotografía publicitaria  |9 311178 
583 |a last modification  |c 19911029 00:00:00  |k Rodrigo Vera 
490 0 |a Manual de comunicaciones 
999 |c 219333  |d 219331 
952 |0 0  |1 0  |4 0  |6 659_132000000000000_FOT_1970  |7 0  |8 P  |9 210134  |a BIBEDU  |b BIBEDU  |c BIBEDU_PB  |d 2019-11-15  |i 2782197  |o 659.132 FOT 1970  |p 2782197  |r 2024-01-25  |w 2019-11-15  |y BK  |k EDU